|
|
|
|
| LEADER |
00000nab a2200000 a 4500 |
| 001 |
vtls010285434 |
| 003 |
SK-MaSNL |
| 005 |
20260303182220.0 |
| 008 |
110613 2011 xo m 000 0 cze |
| 015 |
|
|
|a SNBRB2011/06
|2 lmaosk
|
| 040 |
|
|
|a LMAOSK
|b slo
|c LMAOSK
|e AACR2
|
| 041 |
0 |
|
|a cze
|a slo
|
| 044 |
|
|
|a xo
|c SK
|
| 080 |
|
|
|a 06.064
|2 2001
|
| 080 |
|
|
|a 623
|2 2001
|
| 100 |
1 |
|
|a Gyűrösi, Miroslav,
|d 1965-
|4 aut
|4 pht
|9 388192
|
| 245 |
1 |
0 |
|a ASDA 2011
|c Miroslav Gyűrösi
|
| 300 |
|
|
|b Fotogr.
|
| 650 |
0 |
7 |
|a výstavy špecializované
|x obranná a letecká technika
|2 lmaosk
|9 1209681
|
| 650 |
0 |
7 |
|a ASDA
|x výstava obrannej a leteckej techniky
|z Spit
|2 lmaosk
|9 1209682
|
| 651 |
|
7 |
|a Split (Chorvátsko)
|2 lmaosk
|9 25036
|
| 773 |
0 |
|
|t ATM
|g Roč. 43, č. 5 (2011), s. 40-43
|x 1802-4823
|
| 852 |
|
|
|a LMAOSK
|b KIS3GCP
|
| 856 |
4 |
1 |
|u http://www.atmonline.cz
|
| 958 |
|
|
|a NB
|
| 958 |
|
|
|a HR
|
| 999 |
|
|
|c 2116156
|d 2118086
|